|
|
|
|
| LEADER |
00000nab a2200000 a 4500 |
| 001 |
vtls000508807 |
| 003 |
SK-MaSNL |
| 005 |
20260304093654.0 |
| 008 |
250425c1994 xo 0 slo |
| 015 |
|
|
|a SNBRB19rr/mm-uuuuu
|
| 035 |
|
|
|a CL0508945
|
| 035 |
|
|
|a urn:nbn:sk:snk-abdosh
|
| 035 |
|
|
|a (urnnbn)urn:nbn:sk:snk:ar-000ueb
|
| 035 |
|
|
|a (uuid)c086e2fe-1a7e-4edf-8f9d-116cde4aa9fe
|
| 040 |
|
|
|a SNKBUCL
|b slo
|c SNKBUCL
|e AACR2
|
| 041 |
0 |
|
|a slo
|
| 044 |
|
|
|a xo
|c SK
|
| 080 |
|
|
|a 792.01
|2 1981
|
| 080 |
|
|
|a 792.021
|2 1981
|
| 080 |
|
|
|a 792.2
|2 1981
|
| 080 |
|
|
|a 792.071.1
|2 1981
|
| 100 |
1 |
|
|a Ciller, Jozef,
|d 1942-
|4 aut
|9 110535
|
| 245 |
1 |
0 |
|a Spolupráca režiséra a scénografa pri tvorbe inscenácie (2. časť)
|c Jozef Ciller
|
| 500 |
|
|
|a Dokončenie v nasledujúcom čísle
|
| 650 |
0 |
7 |
|a inscenácia divadelná
|2 snkbucl
|9 920581
|
| 650 |
0 |
7 |
|a brainstorming
|2 snkbucl
|9 71568
|
| 655 |
|
7 |
|a články z novín a časopisov
|2 snkbucl
|9 267496
|
| 773 |
0 |
|
|t Javisko
|g Roč. 26, č. 2 (1994), s. 3-4
|
| 850 |
|
|
|a Slovenská národná knižnica
|
| 852 |
|
|
|a Slovenská národná knižnica
|
| 954 |
|
|
|a odborná, vedecká literatúra pôvodná (slovenská)
|2 lita
|
| 958 |
|
|
|a article19
|
| 958 |
|
|
|a OND
|
| 958 |
|
|
|a RK
|
| 958 |
|
|
|a EUIPO
|
| 992 |
|
|
|a RBX
|
| 999 |
|
|
|c 2824113
|d 2826043
|